书目信息 |
| 书名: | Canadian agriculture | |
| 作者: | M.J. Troughton | |
| 分册号: | ||
| 分册名: | 出版地: | Budapest : |
|
| 出版社: | Akadémiai Kiadó | |
| 出版时间: | 1982. | |
| 页数: | 355 p., [1] folded leaf : | |
| 开本: | 25 cm. | |
| 丛书名: | Geography of world agriculture | |
| 中图分类号: | ||
| 科图分类号: | ||
| 其他分类号: | F319.9 | |
| 主题词: | ||
| 电子资源: | ||
| 000 | 00931nam 2200289 a 4500 | |
| 001 | E0730133511 | |
| 005 | 20070228082226.06 | |
| 008 | 00010 eng | |
| 008 | uu | |
| 010 | @a82198928 | |
| 020 | @a9630526530. | |
| 043 | @an-cn--- | |
| 049 | @aN5LA | |
| 050 | 0 | @aHD1785 @b.T76 1982 |
| 082 | 0 | @a338.1/0971 @219 |
| 090 | @a2/F371.1/TMJ////////388469/955435/ cop.2 | |
| 090 | @aF319.9 | |
| 096 | @aF371.1 @v2 | |
| 099 | @dF319.9@ex1:10 | |
| 100 | 10 | @aTroughton, Michael J. |
| 245 | 10 | @aCanadian agriculture / @cM.J. Troughton |
| 260 | 0 | @aBudapest :@bAkadémiai Kiadó,@c1982. |
| 300 | @a355 p., [1] folded leaf :@bill., maps ;@c25 cm. | |
| 440 | 0 | @aGeography of world agriculture, @x0303-6634 ; @v10 |
| 504 | @aBibliography: p. 243-249. | |
| 650 | 0 | @aAgriculture @xEconomic aspects @zCanada. @b00 @c20020930 @lNLC09 @h2248 @lNLC09 @h2326 @lNLC09 @h1918 |
| 852 | 9 | @bWWJC @cJ08S @k2 @hF371.1 @iTMJ |
| Canadian agriculture / / M.J. Troughton.-Budapest : : Akadémiai Kiadó, , 1982. |
| 355 p., [1] folded leaf : : ill., maps ; ; 25 cm.- (Geography of world agriculture, 0303-6634 ; 10 ) |
| Bibliography: p. 243-249. |
| ISBN 9630526530. |
| ● |
| 相关链接 |
|
|
|
|
正题名:Canadian agriculture
索取号:F319.9/x1:10
 
预约/预借
| 序号 | 登录号 | 条形码 | 馆藏地/架位号 | 状态 | 备注 |
| 1 | 183262 | 001170459 | 第二样本阅览室/ [索取号:F319.9/x1:10] | 在馆 | |
| 2 | 183263 | 001170477 | 第四借阅区/ [索取号:F319.9/x1:10] | 在馆 |